000 00724cam a22001457a 4500
999 _c508482
_d508482
008 180718b-- xxu||||| |||| 00| 0 eng d
082 _aZ472x54 W/1979-80
100 _aIndia. Ministry of Agriculture. Department of Agriculture and Co-operation. Directorate of Economics and Statistics.
_93825
245 _aAgricultural wages in India, 1979-80
_cby Directorate of Economics and Statistics, Department of Agriculture and Co-operation, Ministry of Agriculture
260 _aDelhi
_bThe Controller of Publications
_c1980
300 _a295p.
500 _aLibrary has 1952 (2v), 1953/54-1960/61, 1962/63, 1968/69, 1970/71-1971/72, 1975/76 & 1980/81, 1982/83-1996/97
650 _aAgricultural wages - India
_93826
942 _2ddc